00881cam a22002651 4500001001300000003000400013005001700017008004100034010001700075025002000092035002000112040002300132042001200155050001600167110004900183245004800232260004500280300001800325500007600343651004300419651003700462651003600499740006300535999001700598sa 66001073 DLC20260227112219.0861104s1964 ii r 000 0 eng  asa 66001073  aPL480:I-F-E-167 a(OCoLC)14631632 aDLCcWaUdWaUdDLC apremarc00aHF3563b.I51 aIndia.bDirectorate of Commercial Publicity.10aImporters of Indian products: West Germany. a[Delhi,bManager of Publications,c1964] a39 p.c24 cm. aCover title: Directory of importers of Indian products in West Germany. 0aGermany (West)xCommercevDirectories. 0aGermany (West)xCommercezIndia. 0aIndiaxCommercezGermany (West)0 aDirectory of importers of Indian products in West Germany. c67576d67576